[Event "POR-ch prel"]
[Site "Lisbon"]
[Date "2007.08.11"]
[Round "1"]
[White "Silva, Antonio Augusto MC"]
[Black "Pires, Rogerio Marcial Max"]
[Result "1-0"]
[WhiteElo "2247"]
[BlackElo "1922"]
[PlyCount "41"]
[EventDate "2007.08.11"]
[EventType "swiss"]
[EventRounds "9"]
[EventCountry "POR"]
[SourceTitle "EXT 2022"]
[Source "ChessBase"]
[SourceDate "2021.10.06"]
[SourceVersion "1"]
[SourceVersionDate "2021.10.06"]
[SourceQuality "1"]

1. e4 Nf6 2. e5 Nd5 3. c4 Nb6 4. c5 Nd5 5. Bc4 e6 6. Nc3 Nxc3 7. dxc3 d5 8. cxd6 cxd6 9. Bf4 d5 10. Bd3 Nc6 11. Nf3 Be7 12. Qc2 Bd7 13. 0-0 h6 14. Qe2 0-0 15. Bc2 f5 16. exf6 Bxf6 17. Qd3 Qa5 18. Bxh6 Ne7 19. Qh7+ Kf7 20. Bxg7 Bxg7 21. Qh5+ 1-0

[Event "IECG TE.2006.P.02208"]
[Site "IECG email"]
[Date "2006.06.19"]
[Round "?"]
[White "Bodaan, Ton"]
[Black "Pires, Rogerio Marcial Max"]
[Result "1-0"]
[WhiteElo "2175"]
[BlackElo "1856"]
[PlyCount "43"]
[EventDate "2006.06.19"]
[EventType "tourn (corr)"]
[EventRounds "2"]
[SourceTitle "Corr 2008"]
[Source "ChessBase"]
[SourceDate "2008.06.24"]
[SourceVersion "1"]
[SourceVersionDate "2008.06.24"]
[SourceQuality "1"]

1. d4 f5 2. e4 fxe4 3. Nc3 Nf6 4. f3 e3 5. Bxe3 e6 6. Bd3 Nc6 7. Nh3 Be7 8. 0-0 0-0 9. a3 d6 10. Qe1 Nd5 11. Nxd5 exd5 12. Nf4 Nxd4 13. Nxd5 Nf5 14. Bf2 Bf6 15. g4 Ne7 16. Nxf6+ Rxf6 17. Qe4 Rh6 18. Rae1 Kf8 19. Be3 Rg6 20. h4 h6 21. Bd4 Bf5 22. Qf4 1-0

[Event "IECG TE.2006.P.02208"]
[Site "IECG email"]
[Date "2006.06.19"]
[Round "?"]
[White "Pires, Rogerio Marcial Max"]
[Black "Niewold, Jaap"]
[Result "0-1"]
[WhiteElo "1856"]
[BlackElo "1677"]
[PlyCount "52"]
[EventDate "2006.06.19"]
[EventType "tourn (corr)"]
[EventRounds "2"]
[SourceTitle "Corr 2008"]
[Source "ChessBase"]
[SourceDate "2008.06.24"]
[SourceVersion "1"]
[SourceVersionDate "2008.06.24"]
[SourceQuality "1"]

1. d4 f5 2. e4 fxe4 3. Nc3 Nf6 4. Bg5 g6 5. Bxf6 exf6 6. Nxe4 d5 7. Ng3 c5 8. Nf3 Nc6 9. Be2 Qb6 10. dxc5 Bxc5 11. 0-0 Be6 12. Qc1 0-0 13. c4 Ne5 14. Nxe5 fxe5 15. Nh1 Rac8 16. b4 Bd4 17. a3 Bxa1 18. Qxa1 d4 19. c5 Qc6 20. f3 b6 21. Rc1 bxc5 22. Rxc5 Qb6 23. Rb5 Qc7 24. Rc5 Qg7 25. Nf2 Qh6 26. Qd1 Rxc5 0-1

[Event "IECG TE.2006.P.02208"]
[Site "IECG email"]
[Date "2006.06.19"]
[Round "?"]
[White "Romero, Agustin"]
[Black "Pires, Rogerio Marcial Max"]
[Result "1-0"]
[WhiteElo "885"]
[BlackElo "1856"]
[PlyCount "80"]
[EventDate "2006.06.19"]
[EventType "tourn (corr)"]
[EventRounds "2"]
[SourceTitle "Corr 2008"]
[Source "ChessBase"]
[SourceDate "2008.06.24"]
[SourceVersion "1"]
[SourceVersionDate "2008.06.24"]
[SourceQuality "1"]

1. d4 f5 2. e4 fxe4 3. Nc3 Nf6 4. Bg5 g6 5. Bxf6 exf6 6. Nxe4 d5 7. Nc3 Bd6 8. Qd2 Qe7+ 9. Nge2 0-0 10. Nxd5 Qe4 11. Ndc3 Qc6 12. 0-0-0 Bg4 13. f3 Be6 14. d5 Bxd5 15. Qxd5+ Qxd5 16. Nxd5 Nc6 17. Nec3 a6 18. h4 h5 19. g4 Kh7 20. Ne4 Kg7 21. Nxd6 cxd6 22. Nc7 Rac8 23. Ne6+ Kf7 24. Nxf8 Kxf8 25. Bd3 Kg7 26. gxh5 gxh5 27. Rhg1+ Kf8 28. Bg6 Ne5 29. Bxh5 Rc4 30. Rxd6 Ke7 31. Rb6 Rxh4 32. Rxb7+ Kd6 33. Bf7 Kc6 34. Re7 Kc5 35. Rxe5+ fxe5 36. Rd1 Rf4 37. Bd5 a5 38. Be4 Kc4 39. b3+ Kc3 40. a3 Rxe4 1-0

[Event "Lisbon Absoluto AXS op"]
[Site "Lisbon"]
[Date "2006.??.??"]
[Round "4"]
[White "Pires, Rogerio Marcial Max"]
[Black "Brito, Manuel"]
[Result "1/2-1/2"]
[WhiteElo "1900"]
[BlackElo "1821"]
[PlyCount "36"]
[EventDate "2006.??.??"]
[EventType "swiss"]
[EventRounds "9"]
[EventCountry "POR"]
[SourceTitle "EXT 2008"]
[Source "ChessBase"]
[SourceDate "2007.11.25"]
[SourceVersion "1"]
[SourceVersionDate "2007.11.25"]
[SourceQuality "1"]

1. e4 d6 2. f4 Nf6 3. Nc3 c5 4. Nf3 Nc6 5. d4 cxd4 6. Nxd4 Bg4 7. Nxc6 bxc6 8. Qd3 Bd7 9. Be3 Ng4 10. Bg1 e5 11. h3 Nf6 12. fxe5 dxe5 13. 0-0-0 Qc7 14. Qg3 Nh5 15. Qg5 Nf4 16. Bc4 Ne6 17. Qg3 g6 18. Be3 Bg7 1/2-1/2

[Event "Lisbon Absoluto AXS op"]
[Site "Lisbon"]
[Date "2006.??.??"]
[Round "6"]
[White "Pires, Rogerio Marcial Max"]
[Black "Figueiredo, Helder"]
[Result "0-1"]
[WhiteElo "1900"]
[BlackElo "1953"]
[PlyCount "48"]
[EventDate "2006.??.??"]
[EventType "swiss"]
[EventRounds "9"]
[EventCountry "POR"]
[SourceTitle "EXT 2008"]
[Source "ChessBase"]
[SourceDate "2007.11.25"]
[SourceVersion "1"]
[SourceVersionDate "2007.11.25"]
[SourceQuality "1"]

1. d4 f5 2. Nf3 Nf6 3. c4 g6 4. Nc3 Bg7 5. Bg5 0-0 6. Bxf6 Bxf6 7. e4 fxe4 8. Nxe4 Bg7 9. Bd3 d6 10. h3 Qe8 11. Qe2 Nd7 12. 0-0-0 e5 13. d5 b6 14. h4 Nc5 15. Nxc5 bxc5 16. h5 gxh5 17. Qc2 h6 18. Bg6 Qe7 19. Bh7+ Kh8 20. Nh4 Qg5+ 21. Kb1 Rf6 22. Rd3 Kxh7 23. Rf3+ Kg8 24. Rg3 Bf5 0-1

[Event "POR-chB"]
[Site "Vila Real"]
[Date "2005.08.08"]
[Round "6"]
[White "Cruz, Jorge Filipe Egas"]
[Black "Pires, Rogerio Marcial Max"]
[Result "0-1"]
[WhiteElo "2045"]
[BlackElo "1858"]
[PlyCount "143"]
[EventDate "2005.08.03"]
[EventType "swiss"]
[EventRounds "9"]
[EventCountry "POR"]
[SourceTitle "CBM 107 Extra"]
[Source "ChessBase"]
[SourceDate "2005.09.01"]
[SourceVersion "1"]
[SourceVersionDate "2005.09.01"]
[SourceQuality "1"]

1. e4 Nf6 2. e5 Nd5 3. d4 d6 4. Nf3 Bg4 5. Be2 e6 6. 0-0 Be7 7. h3 Bh5 8. exd6 cxd6 9. Nbd2 0-0 10. Ne4 Nd7 11. c3 N7f6 12. Ng3 Bg6 13. Nh4 Qd7 14. Nxg6 hxg6 15. Bd3 b5 16. h4 Rfe8 17. Re1 Bf8 18. a4 a6 19. Qb3 Rab8 20. axb5 axb5 21. Ra5 Nc7 22. Bg5 d5 23. Qd1 b4 24. Bxf6 gxf6 25. h5 g5 26. f4 Qd6 27. Rf1 Bh6 28. fxg5 Qxg3 29. gxh6 Qe3+ 30. Rf2 f5 31. cxb4 Rxb4 32. h7+ Kh8 33. Ra7 Rxb2 34. Bc2 Nb5 35. Rxf7 Nxd4 36. Rc7 Ra8 37. h6 Rxc2 38. Rcxc2 Nxc2 39. Qxc2 Ra1+ 40. Kh2 Qxh6+ 41. Kg3 Ra3+ 42. Rf3 Qg5+ 43. Kf2 Rxf3+ 44. gxf3 Qh4+ 45. Ke3 f4+ 46. Kd4 Qf6+ 47. Kc5 Qe7+ 48. Kb5 Qd7+ 49. Ka6 Qd6+ 50. Ka5 Qd8+ 51. Ka6 Qa8+ 52. Kb6 Qd8+ 53. Ka6 Qf6 54. Qd3 e5+ 55. Kb5 Qe6 56. Kc5 e4 57. fxe4 dxe4 58. Qd8+ Kxh7 59. Qc7+ Kg6 60. Kd4 Kg5 61. Qg7+ Kh4 62. Qg2 Qd6+ 63. Kc4 Qd3+ 64. Kc5 Qf3 65. Qh2+ Kg4 66. Qh6 e3 67. Qg6+ Kh3 68. Qh7+ Kg2 69. Qg6+ Kf2 70. Qc2+ e2 71. Kb5 Kf1 72. Qc4 0-1

[Event "POR-chB"]
[Site "Vila Real"]
[Date "2005.08.05"]
[Round "3"]
[White "Padeiro, Jose Joao Tato"]
[Black "Pires, Rogerio Marcial Max"]
[Result "1-0"]
[WhiteElo "2212"]
[BlackElo "1858"]
[PlyCount "77"]
[EventDate "2005.08.03"]
[EventType "swiss"]
[EventRounds "9"]
[EventCountry "POR"]
[SourceTitle "CBM 107 Extra"]
[Source "ChessBase"]
[SourceDate "2005.09.01"]
[SourceVersion "1"]
[SourceVersionDate "2005.09.01"]
[SourceQuality "1"]

1. e4 Nf6 2. e5 Nd5 3. Nc3 Nxc3 4. dxc3 g6 5. Bc4 Bg7 6. Nf3 Nc6 7. Bf4 0-0 8. Qe2 Na5 9. Bd3 d6 10. h3 b6 11. 0-0-0 Be6 12. Kb1 Nb7 13. Nd4 Nc5 14. Nxe6 Nxe6 15. Bg3 d5 16. Bb5 Nc5 17. Bc6 e6 18. Bxa8 Qxa8 19. f3 a5 20. h4 Qc6 21. c4 dxc4 22. Qxc4 b5 23. Qd4 Na4 24. h5 Qc5 25. hxg6 fxg6 26. Qxc5 Nxc5 27. Rhe1 h6 28. Bf2 Na4 29. Rd7 Rf7 30. Rxf7 Kxf7 31. f4 g5 32. g3 Bf8 33. Rd1 Ke8 34. Be3 Be7 35. Rh1 gxf4 36. Bxf4 Bg5 37. Bxg5 hxg5 38. Rh5 Nc3+ 39. bxc3 1-0